[Event "Beijing Sportaccord blitz"]
[Site "Beijing"]
[Date "2013.12.15"]
[Round "11"]
[White "Karjakin, Sergey"]
[Black "Ponomariov, Ruslan"]
[Result "1-0"]
[WhiteElo "2756"]
[BlackElo "2731"]
[PlyCount "103"]
[EventDate "2013.12.14"]
[EventType "tourn (blitz)"]
[EventRounds "30"]
[EventCountry "CHN"]
[EventCategory "20"]
[SourceTitle "CBM 157 Extra"]
[Source "ChessBase"]
[SourceDate "2013.12.19"]
[SourceVersion "1"]
[SourceVersionDate "2013.12.19"]
[SourceQuality "1"]

1. Nf3 d5 2. g3 g6 3. Bg2 Bg7 4. O-O Nf6 5. b3 O-O 6. Bb2 c5 7. c4 Nc6 8. cxd5 Nxd5 9. Bxg7 Kxg7 10. d4 cxd4 11. Nxd4 Nxd4 12. Qxd4+ Nf6 13. Qe5 Qd6 14. Qxd6 exd6 15. Nc3 Rd8 16. Rfd1 a6 17. Rd4 Rb8 $146 ({RR} 17... Kf8 18. Na4 d5 19. e4 Ke7 20. e5 Ne4 21. Nb6 Rb8 22. Nxd5+ Rxd5 23. Rxd5 Ng5 24. Rc1 Ne6 25. Rd6 Bd7 26. Rb6 Bc8 27. f4 Kd7 28. Kf2 Nd8 29. Bh3+ Ne6 30. Bxe6+ fxe6 31. Rd6+ Ke7 32. Rc7+ {Triapishko,A (2506)-Bogdanovich,K (1160) Yalta UKR 2023 1-0 (34)}) ({RR} 17... Kf8 18. Rad1 Ke7 19. Na4 Rb8 20. Nb6 Be6 21. h3 Nd7 22. Nd5+ Bxd5 23. Bxd5 Nf6 24. Bf3 b5 25. g4 h6 26. Kg2 Rbc8 27. Bb7 Rb8 28. Bf3 Rbc8 29. R1d2 Rc5 30. e3 g5 31. a4 a5 32. b4 {Fedoseev,V (2687)-Theodorou,N (2554) chess24.com INT 2021 0-1 (62)}) 18. Rad1 Bf5 19. e4 Bg4 20. e5 Bxd1 21. exf6+ Kxf6 22. Rxd1 Kg7 23. Nd5 Rbc8 24. Ne3 Rc7 25. Kf1 a5 26. Ke2 b5 27. Rd5 Rc5 28. Rd4 h5 29. Be4 Kf8 30. Bd3 Ke7 31. Nd5+ Kf8 32. Kd2 Rdc8 33. Nb6 Rd8 34. Nd5 b4 35. Bc4 Kg7 36. Rf4 Rd7 37. h4 Ra7 38. Kd3 Rc8 39. Re4 Kf8 40. Kd4 Re8 41. Nf6 Rxe4+ 42. Nxe4 Ke7 43. Ng5 f5 44. Ne6 Kf6 45. Nf4 g5 46. hxg5+ Kxg5 47. Kd5 a4 48. Kxd6 axb3 49. axb3 Ra2 50. f3 Ra1 51. Kc5 Rg1 52. Nh3+ 1-0

[Event "Beijing Sportaccord blitz"]
[Site "Beijing"]
[Date "2013.12.16"]
[Round "23"]
[White "Grischuk, Alexander"]
[Black "Leko, Peter"]
[Result "1-0"]
[WhiteElo "2783"]
[BlackElo "2730"]
[PlyCount "91"]
[EventDate "2013.12.14"]
[EventType "tourn (blitz)"]
[EventRounds "30"]
[EventCountry "CHN"]
[EventCategory "20"]
[SourceTitle "CBM 157 Extra"]
[Source "ChessBase"]
[SourceDate "2013.12.19"]
[SourceVersion "1"]
[SourceVersionDate "2013.12.19"]
[SourceQuality "1"]

1. Nf3 Nf6 2. g3 b5 3. Bg2 Bb7 4. O-O e6 5. d3 c5 6. e4 d6 7. Nc3 ({RR} 7. Ng5 h6 8. Nh3 Nc6 9. f4 Be7 10. Be3 h5 11. Nf2 d5 12. e5 Nd7 13. c4 bxc4 14. dxc4 Nb6 15. Na3 Rb8 16. Nd3 d4 17. Bd2 g6 18. b3 Kf8 19. Nc2 Nd7 20. Qe2 Qc7 21. h3 Nd8 {Zhang,Z (2639)-Anand,V (2766) Wijk aan Zee 2004 0-1 (40)}) 7... b4 8. Ne2 Nbd7 ({RR} 8... Be7 9. Bf4 O-O 10. Qd2 Nc6 11. Rfe1 e5 12. Bg5 h6 13. Bxf6 Bxf6 14. c4 Bc8 15. Rf1 Bg4 16. Ne1 a5 17. Nc2 Bg5 18. Qd1 a4 19. h4 Bf6 20. Ne3 Bxe2 21. Qxe2 Nd4 22. Qh5 Kh7 23. Ng4 {Piddubna,B (2152)-Injac,T (2453) Monaco MNC 2025 ½-½ (53)}) 9. Ng5 Qc7 $146 ({RR} 9... h6 10. Nh3 d5 11. exd5 Bxd5 12. Bxd5 exd5 13. Re1 Be7 14. a3 bxa3 15. Rxa3 O-O 16. Nhf4 Nb6 17. Nc3 Re8 18. Qf3 Qd7 19. Bd2 c4 20. Raa1 Bb4 21. Red1 d4 22. Nce2 Bxd2 23. Rxd2 Qb5 24. dxc4 {Gorovets,A (2527)-Brodsky,D (2382) Rockville 2017 ½-½ (34)}) 10. f4 Be7 11. h3 O-O 12. g4 Rfc8 13. Be3 a5 14. Ng3 c4 15. Rc1 cxd3 16. cxd3 Qd8 17. f5 Rxc1 18. Bxc1 e5 19. Nf3 d5 20. g5 dxe4 21. Nh2 Nd5 22. f6 Bc5+ 23. Kh1 g6 24. Nxe4 Bf8 25. Qg4 Rc8 26. Qh4 Nf4 27. Bxf4 exf4 28. Ng4 Bxe4 29. dxe4 h5 30. gxh6 Kh7 31. Qg5 Rc5 32. Qxf4 Qc7 33. Qxc7 Rxc7 34. e5 Bxh6 35. Bd5 Nb6 36. Be4 Bd2 37. e6 Nc8 38. Ne5 Nd6 39. exf7 Rc8 40. Bxg6+ Kh6 41. Bd3 Rf8 42. Rg1 Bg5 43. h4 Bf4 44. Rg6+ Kh5 45. Be2+ Kxh4 46. Rg4+ 1-0

[Event "Beijing Sportaccord blitz"]
[Site "Beijing"]
[Date "2013.12.16"]
[Round "23"]
[White "Karjakin, Sergey"]
[Black "Dominguez Perez, Leinier"]
[Result "1-0"]
[WhiteElo "2756"]
[BlackElo "2754"]
[PlyCount "134"]
[EventDate "2013.12.14"]
[EventType "tourn (blitz)"]
[EventRounds "30"]
[EventCountry "CHN"]
[EventCategory "20"]
[SourceTitle "CBM 157 Extra"]
[Source "ChessBase"]
[SourceDate "2013.12.19"]
[SourceVersion "1"]
[SourceVersionDate "2013.12.19"]
[SourceQuality "1"]

1. Nf3 {Kharitonov,Andrei Y} Nf6 2. g3 d5 3. Bg2 Bf5 4. d3 c6 5. Nh4 Bg6 ({RR} 5... Bg4 6. h3 Bh5 7. g4 Bg6 8. e3 e6 9. Qe2 Bb4+ 10. Nd2 Nbd7 11. O-O Ng8 12. Nxg6 hxg6 13. f4 Ne7 14. Nf3 Ba5 15. a3 Bc7 16. e4 dxe4 17. dxe4 e5 18. f5 O-O 19. Bg5 gxf5 20. exf5 {Kramnik,V (2760)-Tomashevsky,E (2714) Sochi 2014 1-0 (35)}) ({RR} 5... Bc8 6. O-O g6 7. Nd2 Bg7 8. e4 O-O) ({RR} 5... Bg4 6. h3 Bh5 7. g4 Bg6) 6. Nxg6 ({RR} 6. Nd2 e5 7. c4 Nbd7 8. O-O Bd6 9. Rb1 a5 10. a3 O-O 11. Nxg6 hxg6 12. b4 axb4 13. axb4 b5 14. e4 dxc4 15. dxc4 Re8 16. Qe2 Qb8 17. Rd1 Ra4 18. c5 Bc7 19. Nf3 Nf8 20. Ng5 Qa7 {Inarkiev,E (2595)-Dominguez Perez,L (2612) Tripoli 2004 ½-½ (86)}) 6... hxg6 7. Nd2 ({RR} 7. e3 e5 8. Qe2 Nbd7 9. b3 Bd6 10. Bb2 Qe7 11. a3 Nc5 12. Nd2 Ne6 13. h3 Nc5 14. O-O O-O 15. Rae1 Rfe8 16. e4 dxe4 17. dxe4 b5 18. f4 Nh5 19. Qf3 Nd7 20. f5 Nhf6 21. g4 g5 {Gutierrez Olivares,D (2354)-Kamsky,G (2634) chess.com INT 2023 0-1 (38)}) 7... e6 8. O-O $146 ({RR} 8. e3 Be7 9. b3 a5 10. a3 Na6 11. Bb2 Nc5 12. Qe2 Qc7 13. f4 Ncd7 14. Nf3 Qb6 15. O-O O-O 16. Kh1 a4 17. b4 c5 18. c3 Rfc8 19. e4 cxb4 20. cxb4 Qd8 21. e5 Nh7 22. g4 Rc7 {Quinteros,M (2505)-Dienavorian Lacherian,M (2310) San Pedro de Jujuy 1981 1-0 (39)}) ({RR} 8. e4 Nbd7 9. Qe2 Qc7 10. Nf3 Bc5 ({RR} 10... dxe4 11. dxe4 e5) 11. Bf4 ({RR} 11. e5 Ng4 12. d4 Bb6 13. O-O ({RR} 13. h3 Nh6 14. g4)) 11... e5 12. Bd2 ({RR} 12. exd5 O-O 13. dxc6 ({RR} 13. Nxe5 Rfe8) 13... exf4 14. cxd7 Bb4+ 15. Kf1 Nxd7) 12... dxe4 13. dxe4 Qb6 ({RR} 13... a5 14. a4 O-O 15. O-O Rfe8) 14. b3 Ng4 ({RR} 14... O-O 15. O-O a5) 15. O-O Ndf6 16. Be1 a5 ({RR} 16... Nd7 17. b4 Be7 18. a3) 17. h3 Nh5 ({RR} 17... Nh6 18. Nxe5 Bd4 19. Nc4) 18. Nd2 ({RR} 18. hxg4 Nxg3 19. Qc4 Qb5 20. Qxb5 cxb5 21. Nh2 O-O-O 22. Bxa5 ({RR} 22. Bf3 Rxh2) 22... Ne2+ 23. Kh1 Rxh2+ 24. Kxh2 Rh8+ 25. Bh3 Nf4 26. Bd2 Rxh3+ 27. Kg1 Rg3+) 18... Nxf2 ({RR} 18... Ngf6 19. Qf3) 19. Bxf2 Nxg3 20. Qf3 Nxf1 21. Rxf1 O-O 22. Nc4 Bxf2+ {Quinteros,M (2505)-Bellon Lopez,J (2415) Linares 1981 MCL [Kharitonov,Andrei Y] 1-0 (53)} {RR} 23. Rxf2 Qc5) 8... Nbd7 9. e4 Be7 10. Qe2 Qc7 11. Nf3 dxe4 12. dxe4 e5 13. Ng5 Nh7 14. Nxh7 Rxh7 15. c3 a5 16. h4 Nc5 17. Be3 Ne6 18. Bh3 Nf8 19. Rad1 g5 20. h5 Rh6 21. Bf5 Rd8 22. Rxd8+ Qxd8 23. Kg2 Rd6 24. a3 a4 25. Qc2 Qa5 26. Rh1 Qb5 27. Qc1 f6 28. Qc2 Qb3 29. Qxb3 axb3 30. Bg4 Rd8 31. Bd1 Nd7 32. Bxb3 Bc5 33. Bc1 Bb6 34. h6 gxh6 35. Rxh6 Nc5 36. Bc2 Ke7 37. Rh7+ Kd6 38. b4 Nd7 39. Bb3 c5 40. Bd5 Rb8 41. Rf7 cxb4 42. axb4 Ra8 43. c4 Bd4 44. c5+ Kc7 45. Be6 Ra2 46. Bxd7 Rxf2+ 47. Kh3 Kd8 48. c6 bxc6 49. Bxc6 Rc2 50. b5 Rxc1 51. Rxf6 Kc7 52. Kg4 Rg1 53. Rf3 Kb6 54. Kxg5 Bb2 55. g4 Bc1+ 56. Kf5 Bf4 57. Rd3 Rf1 58. Rd7 Bg3+ 59. Ke6 Rg1 60. Rg7 Bf4 61. Kf5 Rf1 62. g5 Kc5 63. Ke6 Rg1 64. g6 Rg2 65. Rg8 Rg3 66. g7 Bh6 67. Kf7 Rg1 1-0

[Event "Beijing Sportaccord blitz"]
[Site "Beijing"]
[Date "2013.12.16"]
[Round "27"]
[White "Karjakin, Sergey"]
[Black "Wang, Hao"]
[Result "1-0"]
[WhiteElo "2756"]
[BlackElo "2735"]
[PlyCount "63"]
[EventDate "2013.12.14"]
[EventType "tourn (blitz)"]
[EventRounds "30"]
[EventCountry "CHN"]
[EventCategory "20"]
[SourceTitle "CBM 157 Extra"]
[Source "ChessBase"]
[SourceDate "2013.12.19"]
[SourceVersion "1"]
[SourceVersionDate "2013.12.19"]
[SourceQuality "1"]

1. Nf3 d5 2. g3 Bg4 3. Bg2 e6 4. h3 Bxf3 ({RR} 4... Bh5 5. g4 Bg6 6. Ne5 Nd7 7. Nxg6 hxg6 8. d3 Ngf6 9. e4 dxe4 10. dxe4 e5 11. Nc3 c6 12. Be3 Bc5 13. Qe2 Bxe3 14. Qxe3 Qb6 15. O-O-O Qxe3+ 16. fxe3 g5 17. h4 Ke7 18. hxg5 Nh7 19. g6 {Shuvalova,P (2508)-Pajcin,L (2243) chess.com INT 2025 0-1 (87)}) 5. Bxf3 Nf6 6. d3 Be7 $146 ({RR} 6... c5 7. c4 Nc6 8. cxd5 Nxd5 9. Nc3 Be7 10. O-O Nd4 11. Bg2 Qd7 12. e3 Nc6 13. Qg4 h5 14. Qe2 Rd8 15. Nxd5 exd5 16. Bd2 h4 17. g4 O-O 18. Rfc1 Rfe8 19. Be1 b6 20. a3 a5 21. Qc2 {Meier,G (2620)-Parligras,M (2595) Playchess.com INT 2020 ½-½ (34)}) ({RR} 6... Nbd7 7. Bg2 c6 8. O-O Bd6 9. e4 Qc7 10. Kh1 O-O 11. f4 dxe4 12. dxe4 e5 13. f5 h6 14. Nd2 Be7 15. Qe2 a5 16. g4 Nh7 17. Nf3 Ng5 18. Nh2 Nh7 19. Nf3 Ng5 20. Nh2 Nh7 21. Nf3 {Giri,A (2760)-Duda,J (2750) chess24.com INT 2022 ½-½}) ({RR} 6... c5 7. c4 Nc6 8. cxd5 Nxd5 9. Nc3 Be7 10. O-O Nd4 11. Bg2 Qd7 12. e3 Nc6 13. Qg4 h5 14. Qe2 Rd8 15. Nxd5 exd5 16. Bd2 h4 17. g4 O-O 18. Rfc1 Rfe8 19. Be1 b6 20. a3 a5 21. Qc2 {Meier,G (2620)-Parligras,M (2595) Playchess.com INT 2020 ½-½ (34)}) 7. Nd2 O-O 8. e4 c6 9. O-O a5 10. a4 Na6 11. Bg2 Nd7 12. Qe2 Bf6 13. Kh2 Qb6 14. f4 e5 15. exd5 exf4 16. Rxf4 cxd5 17. Bxd5 Rae8 18. Re4 Be5 19. Nc4 Qc5 20. Bxb7 f5 21. d4 Qc7 22. Bd5+ Kh8 23. Rxe5 Nxe5 24. Nxe5 Nb4 25. Bb3 Nc6 26. Bf4 Nxd4 27. Ng6+ hxg6 28. Qxe8 Rxe8 29. Bxc7 Re2+ 30. Kg1 Nf3+ 31. Kf1 Rh2 32. Rd1 1-0

[Event "Beijing Sportaccord blitz (Women)"]
[Site "Beijing"]
[Date "2013.12.14"]
[Round "7"]
[White "Gunina, Valentina"]
[Black "Ju, Wenjun"]
[Result "1-0"]
[WhiteElo "2509"]
[BlackElo "2514"]
[PlyCount "111"]
[EventDate "2013.12.14"]
[EventType "tourn (blitz)"]
[EventRounds "30"]
[EventCountry "CHN"]
[EventCategory "12"]
[SourceTitle "CBM 157 Extra"]
[Source "ChessBase"]
[SourceDate "2013.12.19"]
[SourceVersion "1"]
[SourceVersionDate "2013.12.19"]
[SourceQuality "1"]

1. Nf3 d6 2. g3 e5 3. d3 f5 4. Bg2 Nf6 5. O-O g6 6. e4 Bg7 7. exf5 gxf5 8. Nc3 ({RR} 8. c3 Nc6 9. Qb3 Qe7 10. Nbd2 Nd8 11. Nc4 Nf7 12. Bd2 O-O 13. Rae1 c6 14. Ng5 Ne8 15. Nxf7 Rxf7 16. f4 Be6 17. Qa3 Qc7 18. fxe5 dxe5 19. Qc5 Bxc4 20. Qxc4 Qb6+ 21. Be3 Qc7 22. Bc5 Kh8 {Asanov,B (2360)-Solozhenkin,E (2525) Paris 1994 ½-½ (47)}) 8... O-O 9. d4 Nc6 $146 ({RR} 9... e4 10. Ng5 d5 11. Ne2 c6 12. b3 Re8 13. c4 Nbd7 14. Nh3 Nf8 15. Nhf4 Ne6 16. Be3 Bd7 17. Rc1 Qe7 18. Qd2 Qf7 19. Rfd1 Rad8 20. a4 Bc8 21. Qa5 a6 22. Nxe6 Bxe6 23. Nf4 h5 24. Qe1 {Sourgkounis,A (1976)-Sgouros,A (2024) Rio Achaea 2018 0-1 (65)}) 10. Re1 e4 11. Nh4 d5 12. Bg5 Be6 13. Ne2 Qe8 14. Bh3 Ng4 15. c3 a6 16. Bd2 Bf6 17. Ng2 Qf7 18. Nef4 Bd7 19. f3 exf3 20. Qxf3 Ne7 21. Nd3 Ng6 22. Nc5 b6 23. Nxd7 Qxd7 24. Rf1 Bg7 25. Rae1 c5 26. dxc5 bxc5 27. Nf4 Nxf4 28. Bxf4 d4 29. Qd3 Kh8 30. Bg2 Rae8 31. h3 Ne5 32. Qxa6 dxc3 33. bxc3 Qd8 34. Rd1 Qb8 35. Qa4 Qb2 36. Qa5 Ng6 37. Bd2 Re2 38. c4 Qd4+ 39. Kh1 Qxc4 40. Rc1 Qd3 41. Be1 f4 42. Rf3 Qd7 43. Qxc5 Rfe8 44. Bc3 fxg3 45. Bxg7+ Qxg7 46. Rxg3 Rxa2 47. Qc6 Rae2 48. Rf1 Re1 49. Rxe1 Rxe1+ 50. Kh2 Qe5 51. Qc8+ Kg7 52. Qb7+ Kh6 53. Qf3 Qd6 54. Qg4 Re3 55. Qg5+ Kg7 56. Qxe3 1-0

[Event "Beijing Sportaccord blitz (Women)"]
[Site "Beijing"]
[Date "2013.12.14"]
[Round "9"]
[White "Gunina, Valentina"]
[Black "Lagno, Kateryna"]
[Result "1-0"]
[WhiteElo "2509"]
[BlackElo "2543"]
[PlyCount "121"]
[EventDate "2013.12.14"]
[EventType "tourn (blitz)"]
[EventRounds "30"]
[EventCountry "CHN"]
[EventCategory "12"]
[SourceTitle "CBM 157 Extra"]
[Source "ChessBase"]
[SourceDate "2013.12.19"]
[SourceVersion "1"]
[SourceVersionDate "2013.12.19"]
[SourceQuality "1"]

1. Nf3 g6 2. g3 Bg7 3. Bg2 e5 4. e4 Nc6 5. O-O Nge7 6. c3 d5 7. exd5 Nxd5 8. d4 exd4 9. Re1+ Nce7 $146 ({RR} 9... Nde7 10. Nxd4 Nxd4 11. cxd4 O-O 12. Bg5 Re8 13. Nc3 h6 14. Bf4 c6 15. Be5 Be6 16. Ne4 Nf5 17. Nc5 Nxd4 18. Bxg7 Kxg7 19. Qa4 b5 20. Qb4 a5 21. Qc3 Kh7 22. Re4 Nf5 23. Nxe6 fxe6 24. Qxc6 {Bartel,M (2453)-Iakymov,V (2363) Balatonlelle 2003 1-0 (51)}) ({RR} 9... Nde7 10. Nxd4 Nxd4 11. cxd4 Qxd4 12. Qc2 Be6 13. Bxb7 Rb8 14. Qxc7 O-O 15. Nc3 Qb4 16. Be4 Rfc8 17. Qf4 Qa5 18. Qh4 Nf5 19. Bxf5 Bxf5 20. Bh6 Bxh6 21. Qxh6 Rxb2 22. Rac1 Qb6 23. Qf4 Rc4 24. Re8+ {Cabarkapa,N (2465)-Krishna Teja,N (2375) Novi Sad 2020 0-1 (52)}) 10. Nxd4 O-O 11. Bg5 Nf6 12. Na3 c6 13. Nc4 h6 14. Bf4 Ned5 15. Bd6 Re8 16. Rxe8+ Qxe8 17. Qd2 Qd8 18. Re1 Bd7 19. Be5 Qf8 20. Nd6 Rb8 21. c4 Nb6 22. b3 Nc8 23. c5 Ng4 24. Bxg7 Qxg7 25. Ne8 Qf8 26. Qf4 Qxc5 27. h3 Qc3 28. Rd1 Ra8 29. Nc7 Nxf2 30. Qxf2 Rb8 31. Ne2 Qe5 32. Rxd7 Nd6 33. Qd4 Qxe2 34. Rxd6 Rf8 35. Qd2 Qe5 36. Qf4 Qg7 37. Kh2 h5 38. Rd7 Qb2 39. Qh6 Qe5 40. Qf4 Qb2 41. Re7 Qa3 42. Qf6 Qc1 43. Ne8 Qh6 44. Qe5 a6 45. Nf6+ Kh8 46. Re8 Rxe8 47. Nxe8+ Kg8 48. Nf6+ Kf8 49. Ne4 Qc1 50. Qh8+ Ke7 51. Qf6+ Ke8 52. Ng5 Kd7 53. Qxf7+ Kc8 54. Ne6 Kb8 55. Nd8 Kc8 56. Nxb7 h4 57. Nd6+ Kd8 58. Qe8+ Kc7 59. Qe7+ Kb6 60. Nc4+ Kb5 61. a4# 1-0

[Event "EU-ch rapid"]
[Site "Warsaw"]
[Date "2013.12.15"]
[Round "10"]
[White "Petrosian, Tigran L"]
[Black "Dreev, Alexey"]
[Result "1-0"]
[WhiteElo "2648"]
[BlackElo "2673"]
[PlyCount "111"]
[EventDate "2013.12.14"]
[EventType "swiss (rapid)"]
[EventRounds "11"]
[EventCountry "POL"]
[SourceTitle "CBM 157 Extra"]
[Source "ChessBase"]
[SourceDate "2013.12.19"]
[SourceVersion "1"]
[SourceVersionDate "2013.12.19"]
[SourceQuality "1"]

1. Nf3 d5 2. g3 Bg4 3. Bg2 Nd7 4. h3 Bh5 5. O-O c6 6. d3 e5 7. c4 dxc4 8. dxc4 ({RR} 8. d4 Bd6 9. Na3 Bxa3 10. bxa3 exd4 11. Qxd4 Ngf6 12. Qxc4 O-O 13. a4 Re8 14. Rb1 Nb6 15. Qh4 Rxe2 16. a5 Nbd5 17. Rxb7 Qxa5 18. Nd4 Re1 19. g4 Bg6 20. g5 Ne4 21. Nxc6 Rxf1+ 22. Bxf1 Qc5 {Atakhan,A (2416)-Yang Kaiqi (2481) chess.com INT 2025 0-1}) 8... Ngf6 9. Nc3 Qc7 ({RR} 9... Be7 10. Nh4 O-O 11. b3 Qc7 12. Nf5 Bb4 13. Bb2 Rfd8 14. Qc2 Bg6 15. e4 Bf8 16. Nh4 Nc5 17. Rad1 a5 18. Nxg6 hxg6 19. Ne2 Ne6 20. Qc3 Nd7 21. h4 Bb4 22. Qc2 Bc5 23. Bh3 Ndf8 24. Kg2 {Praggnanandhaa,R (2727)-Gukesh,D (2758) Kolkata IND 2023 1-0 (50)}) 10. Nh4 Bb4 $146 ({RR} 10... Bg6 11. Nxg6 hxg6 12. Rb1 a5 13. a3 Nb6 14. b3 Qd7 15. Be3 Qxd1 16. Rfxd1 Nfd7 17. Na4 Nxa4 18. bxa4 O-O-O 19. Rb3 f5 20. Rdb1 Nc5 21. Bxc5 Bxc5 22. Rxb7 e4 23. Rxg7 Rhg8 24. Rbb7 Rxg7 25. Rxg7 {Baklan,V (2546)-Pubantz,J (2310) Walsrode GER 2023 1-0 (65)}) ({RR} 10... Bg6 11. Nxg6 hxg6 12. Rb1 a5 13. Na4 Nc5 14. a3 Nfd7 15. Nxc5 Nxc5 16. b4 axb4 17. axb4 Na6 18. c5 Be7 19. Be3 O-O 20. Qc2 Qd7 21. Rfd1 Qe6 22. b5 Nb8 23. bxc6 bxc6 24. Rb7 Rc8 25. Be4 {Bosiocic,M (2541)-Elbilia,J (2370) Casablanca MAR 2023 1-0 (32)}) 11. Bd2 O-O 12. g4 Bg6 13. Nxg6 hxg6 14. Nd5 Nxd5 15. cxd5 Bxd2 16. dxc6 Rad8 17. Qxd2 Nb8 18. Qc3 Nxc6 19. Rac1 Rfe8 20. Bxc6 bxc6 21. e3 Rd6 22. Rfd1 Red8 23. Rxd6 Rxd6 24. Kg2 f6 25. Qc4+ Kh7 26. Qe4 Qa5 27. h4 Qd5 28. Qxd5 cxd5 29. Kf3 d4 30. Rd1 f5 31. exd4 fxg4+ 32. Kxg4 exd4 33. Kf3 Kh6 34. Ke4 Re6+ 35. Kd3 Kh5 36. b4 Kxh4 37. a4 Kg4 38. Rc1 Kf3 39. Rc7 a6 40. Rf7+ Kg2 41. Kxd4 Kh3 42. a5 g5 43. Kd5 Re2 44. Rxg7 g4 45. Rf7 Rc2 46. Rf6 Rb2 47. Kc5 Rc2+ 48. Kd4 Rb2 49. Kc3 Re2 50. Rxa6 Rxf2 51. Rh6+ Kg2 52. a6 g3 53. b5 Rf3+ 54. Kb4 Rf4+ 55. Ka5 Rg4 56. a7 1-0

[Event "Al Ain op 2nd"]
[Site "Al Ain"]
[Date "2013.12.23"]
[Round "5"]
[White "Miroshnichenko, Evgenij"]
[Black "Barsov, Alexei"]
[Result "1-0"]
[WhiteElo "2626"]
[BlackElo "2527"]
[PlyCount "69"]
[EventDate "2013.12.19"]
[EventType "swiss"]
[EventRounds "9"]
[EventCountry "UAE"]
[SourceTitle "CBM 158 Extra"]
[Source "ChessBase"]
[SourceDate "2014.02.28"]
[SourceVersion "1"]
[SourceVersionDate "2014.02.28"]
[SourceQuality "1"]

1. g3 d5 2. Bg2 e5 3. d3 g6 4. c4 d4 5. Nf3 Bg7 6. b4 Ne7 7. Nbd2 a5 8. b5 c5 9. bxc6 Nexc6 10. O-O O-O 11. Ne1 $146 ({RR} 11. Ba3 Nb4 12. Ne1 N8a6 13. Nc2 Re8 14. Bxb4 axb4 15. a3 bxa3 16. Rxa3 Rb8 17. Qb1 Bg4 18. Re1 Bd7 19. Nb3 Qc8 20. Qa1 b5 21. Na5 b4 22. Rb3 e4 23. Rbb1 Nc5 24. Nxb4 Ra8 25. Nd5 Na4 {Damljanovic,B (2579)-Sedlak,N (2576) Subotica 2008 1-0 (41)}) 11... Na6 12. Nc2 Bg4 13. Rb1 Qd7 14. Ba3 Rfb8 15. Ne4 b6 16. Qd2 Bh3 17. Bxh3 Qxh3 18. f4 Bh6 19. Bd6 Rb7 20. e3 Nab4 21. exd4 Nxc2 22. Qxc2 exf4 23. Bxf4 Nxd4 24. Nf6+ Kh8 25. Qb2 Rd8 26. Rbe1 Bg7 27. Be5 Ne6 28. d4 Nf8 29. d5 Qc8 30. Nh5 f6 31. Nxf6 Qxc4 32. Ne8 Qc5+ 33. Rf2 Ne6 34. dxe6 Rxe8 35. e7 1-0

[Event "BLR-ch 80th"]
[Site "Minsk"]
[Date "2014.01.18"]
[Round "12"]
[White "Teterev, Vitaly"]
[Black "Zhigalko, Andrey"]
[Result "1-0"]
[WhiteElo "2507"]
[BlackElo "2619"]
[PlyCount "79"]
[EventDate "2014.01.07"]
[EventType "tourn"]
[EventRounds "13"]
[EventCountry "BLR"]
[EventCategory "9"]
[SourceTitle "CBM 158 Extra"]
[Source "ChessBase"]
[SourceDate "2014.02.28"]
[SourceVersion "1"]
[SourceVersionDate "2014.02.28"]
[SourceQuality "1"]

1. Nf3 d5 2. g3 Bg4 3. Bg2 e6 4. h3 Bxf3 5. Bxf3 Nd7 ({RR} 5... Nf6 6. d3 Nbd7 7. Bg2 c6 8. O-O Bd6 9. e4 Qc7 10. Kh1 O-O 11. f4 dxe4 12. dxe4 e5 13. f5 h6 14. Nd2 Be7 15. Qe2 a5 16. g4 Nh7 17. Nf3 Ng5 18. Nh2 Nh7 19. Nf3 Ng5 20. Nh2 {Giri,A (2760)-Duda,J (2750) chess24.com INT 2022 ½-½}) 6. d3 c6 7. O-O Bd6 $146 ({RR} 7... Bc5 8. Bg2 Ne7 9. Nd2 O-O 10. e4 Qc7 11. Kh1 f5 12. f4 dxe4 13. dxe4 e5 14. exf5 Nxf5 15. Ne4 Rae8 16. c3 Be3 17. g4 Bxc1 18. Qxc1 Nd6 19. Nxd6 Qxd6 20. f5 Qc5 21. b4 Qc4 22. Qe3 {Xiong,J (2645)-Svane,F (2638) chess.com INT 2024 0-1}) ({RR} 7... Ngf6 8. e4 Bd6 9. Nd2 O-O 10. Qe2 Qb6 11. c3 Bxg3 12. d4 dxe4 13. Nxe4 Nxe4 14. Bxe4 Bc7 15. Kh1 Nf6 16. Rg1 Nxe4 17. Qxe4 g6 18. Bh6 Rfe8 19. Rg2 Qb5 20. Rag1 Qh5 21. Qe3 e5 22. Rg5 {Tahbaz,A (2438)-Jaskolka,T (2198) chess.com INT 2025 1-0 (58)}) 8. Nd2 a5 9. c3 a4 10. e4 Ne7 11. d4 O-O 12. c4 Qa5 13. Qe2 Rfe8 14. Rd1 Qa7 15. Nf1 dxe4 16. Bxe4 Nf6 17. Bc2 Nf5 18. Bxf5 exf5 19. Qf3 Qa6 20. c5 Bc7 21. Qxf5 Nd5 22. Qf3 Re2 23. Bd2 Rae8 24. b3 h6 25. Ne3 Re6 26. Nc4 R2e4 27. Re1 Rxe1+ 28. Rxe1 Rxe1+ 29. Bxe1 axb3 30. Qxb3 Bd8 31. Bd2 Bf6 32. Be3 h5 33. a4 Qa8 34. Nd6 Qa5 35. Qxb7 Be7 36. Qc8+ Bf8 37. Qe8 Qe1+ 38. Kg2 Qe2 39. Qxf7+ Kh7 40. Qf3 1-0